000 00947nam a22002297a 4500
999 _c5392
_d5392
003 AR-CdUCM
008 190312b ||||| |||| 00| 0 spa d
020 _a978-9972-38-543-8
040 _aMUNICIPALIDAD PROVINCIAL DEL CUSCO
_cBIBLIOTECA MUNICIPAL DEL CUSCO
082 _a782.4215 /
_bR68
100 _aRivera Dávalos, Julio César
_91252
245 _aEl poder de un símbolo patrio :
_bclave de la identidad e integridad /
260 _aLima :
_bSan Marcos,
_c2008.
300 _a370 páginas ;
_bilustraciones a color
_c21 cm.
500 _aclave de la identidad e integridad /
505 _aContenido: El himno el la teoría de los objetos -- Exégesis en el coro -- Exégesis de la primera estrofa -- Exégesis de la segunda estrofa -- Exégesis de la tercera estrofa ...
650 _aHimnos patrióticos
_916256
650 _aMúsica nacional
_916257
650 _aHistoria y crítica
_95993
942 _2ddc
_cLIBROS
945 _araen